000 00616nam a22001937a 4500
003 NUST-PNEC
005 20170116180738.0
008 141209b xxu||||| |||| 00| 0 eng d
020 _a1861006926
040 _cPNEC
082 _a005.7565 MAT
100 _91080
_aMatthew Neil
245 _aBeginning Databases with MYSQL
_cNeil Matthew
300 _axi, 575 p. :
_bill. ;
_c23 cm.
500 _aIncludes index.
650 _xMIS, Computer
856 _uhttp://www.amazon.com/Beginning-Databases-MySQL-Richard-Stones/dp/1861006926/ref=sr_1_1?ie=UTF8&qid=1418102004&sr=8-1&keywords=1861006926
942 _2ddc
_cBK
999 _c62076
_d62076